000 01098cam a22002651 4500
001 l 29000126
003 DLC
005 20260227111532.0
008 890814s1929 dcu b f000 0 eng
010 _al 29000126
035 _a(OCoLC)20177613
040 _aDLC
_cPEL
_dPEL
_dOCoLC
_dDLC
042 _apremarc
050 0 0 _aHD8051
_b.A62 no. 488
100 1 _aHoffman, Frederick L.
_q(Frederick Ludwig),
_d1865-1946.
245 1 0 _aDeaths from lead poisoning, 1925-1927,
_cby Frederick L. Hoffman ... June 1929.
260 _aWashington,
_bU.S. Govt. print. off.,
_c1929.
300 _aiii, 37 p.
_bincl. tables.
_c23 cm.
490 0 _aBulletin of the United States Bureau of labor statistics,
_vno. 488. Industrial accidents and hygiene series
500 _aAt head of title: U. S. Department of labor. James J. Davis, secretary. Bureau of labor statistics. Ethelbert Stewart, commissioner.
500 _aIssued also as House doc. 544, 70th Cong., 2d sess.
504 _aBibliography: p.36-37.
650 0 _aLead
_xToxicology.
710 1 _aUnited States.
_bBureau of Labor Statistics.
999 _c35950
_d35950